[Event "DEM U10/U10w 2008"]
[Site "Willingen GER"]
[Date "2008.05.16"]
[Round "9"]
[White "Allin, Alexander"]
[Black "Palm, Sören"]
[Result "1-0"]
[Termination "normal"]
[Board "17"]
[WhiteElo "1156"]
[BlackElo "1261"]
[PlyCount "137"]
[WhiteFideId "12903698"]
[BlackFideId "12925853"]
[EventCountry "GER"]
[EventRounds "11"]
[EventType "swiss"]
[EventDate "2008.05.10"]

1. e4 e6 2. d4 d5 3. Nc3 c6 4. Nf3 b6 5. exd5 exd5 6. Be3 Bb7 7. Qd2 Bb4 8. a3
Bxc3 9. Qxc3 Nf6 10. Bd3 O-O 11. O-O Nbd7 12. b4 h6 13. Nd2 Qc7 14. h3 Rfe8 15.
Rfe1 Rac8 16. Nb3 Ne4 17. Bxe4 Rxe4 18. f3 Re6 19. Bf2 Rg6 20. Qd2 Qd6 21. Rac1
Qf6 22. Kh2 Rg5 23. Bh4 Qd6+ 24. Kg1 Rh5 25. Bf2 Qg6 26. Re7 Rd8 27. Rce1 Qf6
28. Qd3 g6 29. Kh2 Kf8 30. g4 Rh4 31. Bxh4 Qxh4 32. Qe3 Kg7 33. Re2 Ba6 34. Re1
h5 35. Kg2 hxg4 36. fxg4 Qf6 37. Qf2 Qxf2+ 38. Kxf2 Kf6 39. Kf3 g5 40. Re8 Rxe8
41. Rxe8 Bb7 42. Re1 b5 43. Nc5 Nxc5 44. dxc5 Bc8 45. Kg3 Be6 46. h4 a6 47. h5
Kg7 48. Rh1 f5 49. gxf5 Bxf5 50. c3 Kh6 51. Re1 Kg7 52. Re7+ Kf6 53. Rb7 Ke5
54. h6 d4 55. cxd4+ Kxd4 56. h7 Bxh7 57. Rxh7 Kc4 58. Ra7 Kd5 59. Rxa6 Ke6 60.
Rxc6+ Kd7 61. Rb6 Kc7 62. Rxb5 Kc6 63. a4 g4 64. Rb6+ Kc7 65. a5 Kc8 66. a6 Kc7
67. a7 Kc8 68. a8=Q+ Kc7 69. Qa7+ 1-0

[Event "DEM U10/U10w 2008"]
[Site "Willingen GER"]
[Date "2008.05.16"]
[Round "9"]
[White "Mager, Denis"]
[Black "Riasanow, Nikita"]
[Result "1-0"]
[Termination "normal"]
[Board "18"]
[WhiteElo "1145"]
[BlackElo "1259"]
[PlyCount "135"]
[WhiteFideId "24691127"]
[EventCountry "GER"]
[EventRounds "11"]
[EventType "swiss"]
[EventDate "2008.05.10"]

1. d4 Nf6 2. c4 g6 3. Nc3 Bg7 4. Bf4 d6 5. Nf3 O-O 6. e3 Nbd7 7. Bd3 c5 8. Bc2
b6 9. O-O Bb7 10. h3 Rc8 11. b3 Ne8 12. Be4 Bxe4 13. Nxe4 Ndf6 14. Nxf6+ Nxf6
15. Bh2 Qd7 16. Qd3 Qb7 17. Rac1 Qe4 18. Rfd1 Rfd8 19. d5 Qxd3 20. Rxd3 Ne4 21.
Nd2 Nxd2 22. Rxd2 Kf8 23. Bf4 Kg8 24. Kh2 f6 25. h4 Kf7 26. Kg3 Rg8 27. Kf3 f5
28. Re2 Kf6 29. e4 fxe4+ 30. Rxe4 Rc7 31. Rce1 Bf8 32. Bg5+ Kf7 33. Rf4+ Ke8
34. Rfe4 Rg7 35. Re6 Kd8 36. Rxd6+ Rd7 37. Rxd7+ Kxd7 38. Re6 Rf7+ 39. Ke3 Bg7
40. f3 h6 41. Bf4 Rf6 42. Rxf6 Bxf6 43. Bxh6 Bxh4 44. Ke4 Kd6 45. Bf4+ Kd7 46.
g3 Bf6 47. Be5 a6 48. Bxf6 exf6 49. g4 Kd6 50. f4 Kd7 51. g5 fxg5 52. fxg5 Kd6
53. Kf4 b5 54. a4 bxa4 55. bxa4 a5 56. Ke4 Kd7 57. Ke5 Ke7 58. d6+ Kf7 59. Kd5
Ke8 60. Ke6 Kd8 61. d7 Kc7 62. Ke7 Kc6 63. d8=Q Kb7 64. Qd6 Ka8 65. Qd7 Kb8 66.
Kd6 Ka8 67. Kc6 Kb8 68. Qb7# 1-0

[Event "DEM U10/U10w 2008"]
[Site "Willingen GER"]
[Date "2008.05.16"]
[Round "9"]
[White "Birnkraut, Tim"]
[Black "Hartge, Gedeon"]
[Result "1-0"]
[Termination "normal"]
[Board "19"]
[WhiteElo "1235"]
[BlackElo "1064"]
[PlyCount "85"]
[WhiteFideId "24609587"]
[BlackFideId "12932116"]
[EventCountry "GER"]
[EventRounds "11"]
[EventType "swiss"]
[EventDate "2008.05.10"]

1. e4 c5 2. d3 e6 3. Nf3 Nc6 4. Nbd2 Be7 5. g3 d5 6. Bg2 Nf6 7. O-O O-O 8. e5
Nd7 9. Re1 Qc7 10. Qe2 Re8 11. c3 Qb6 12. Nb3 Nf8 13. d4 c4 14. Nbd2 Ng6 15.
Nf1 Bd7 16. Bg5 Bf8 17. Nh4 Nxh4 18. Bxh4 Na5 19. b4 cxb3 20. axb3 Nxb3 21.
Rab1 Ba4 22. Nd2 a5 23. Qg4 Be7 24. Bf6 Bf8 25. h4 g6 26. h5 Bg7 27. Qg5 Bxf6
28. exf6 Qd6 29. Nxb3 Bxb3 30. Rxb3 a4 31. Qh6 Qf8 32. Qxf8+ Rxf8 33. Rxb7 a3
34. Rbb1 a2 35. Ra1 Rfb8 36. c4 Ra5 37. cxd5 exd5 38. hxg6 hxg6 39. f4 Rb4 40.
Kf2 Rxd4 41. Re2 Rda4 42. Re8+ Kh7 43. Rh1# 1-0

[Event "DEM U10/U10w 2008"]
[Site "Willingen GER"]
[Date "2008.05.16"]
[Round "9"]
[White "Petermann, Tessa"]
[Black "Reimers, Juri"]
[Result "0-1"]
[Termination "normal"]
[Board "20"]
[WhiteElo "1124"]
[BlackElo "1207"]
[PlyCount "84"]
[WhiteFideId "12929492"]
[BlackFideId "24661511"]
[EventCountry "GER"]
[EventRounds "11"]
[EventType "swiss"]
[EventDate "2008.05.10"]

1. e4 c6 2. Nc3 d5 3. f4 dxe4 4. Nxe4 Qc7 5. g3 Bf5 6. Nf2 h6 7. Nf3 Nf6 8. h3
e6 9. Bg2 Nbd7 10. O-O O-O-O 11. d3 Bd6 12. Qe2 Rdg8 13. d4 Nh7 14. Nd3 g5 15.
Nfe5 Nxe5 16. Nxe5 Bxe5 17. dxe5 gxf4 18. g4 Bg6 19. Bxf4 Qb6+ 20. Be3 Qxb2 21.
Bxa7 Qxc2 22. Qxc2 Bxc2 23. Rxf7 Ng5 24. Rf2 Be4 25. Bxe4 Nxh3+ 26. Kg2 Nxf2
27. Kxf2 Rxg4 28. Bf3 Rf8 29. Ke2 Ra4 30. Be3 Rc4 31. Bxh6 Rh8 32. Kd3 Ra4 33.
Bg7 Rh3 34. Ke2 Rh2+ 35. Ke3 Ra3+ 36. Kf4 Rf2 37. Rd1 Rfxf3+ 38. Ke4 Rae3+ 39.
Kd4 Rc3 40. Re1 Rg3 41. Rf1 c5+ 42. Ke4 Rc4# 0-1

[Event "DEM U10/U10w 2008"]
[Site "Willingen GER"]
[Date "2008.05.16"]
[Round "9"]
[White "Dresig, Moritz"]
[Black "Riehle, Marco"]
[Result "1-0"]
[Termination "normal"]
[Board "21"]
[WhiteElo "1181"]
[BlackElo "1000"]
[PlyCount "127"]
[WhiteFideId "1270307"]
[BlackFideId "12904392"]
[EventCountry "GER"]
[EventRounds "11"]
[EventType "swiss"]
[EventDate "2008.05.10"]

1. e4 e5 2. Nf3 Nc6 3. Bc4 Nf6 4. Nc3 Bc5 5. d3 d6 6. Bg5 Be6 7. Bb3 Nd4 8.
Nxd4 Bxd4 9. Bxe6 fxe6 10. Qd2 h6 11. Be3 Bxe3 12. fxe3 O-O 13. O-O-O c5 14.
Rdg1 a6 15. g4 b5 16. g5 hxg5 17. Rxg5 Ne8 18. Rhg1 Rf1+ 19. Rxf1 Qxg5 20. Qe1
Nc7 21. Qf2 Qe7 22. h4 Rf8 23. Qg2 Rxf1+ 24. Qxf1 Qxh4 25. Ne2 d5 26. exd5 exd5
27. Qd1 Qh6 28. Qg1 d4 29. Qg4 Qxe3+ 30. Kd1 Kh7 31. Qh4+ Qh6 32. Qe4+ Kh8 33.
Qb7 Ne8 34. Qc6 g5 35. Ng3 Ng7 36. Qa8+ Kh7 37. Qe4+ Qg6 38. Qxe5 Ne6 39. Ne4
Qh5+ 40. Kd2 Ng7 41. Nf6+ Kh6 42. Nxh5 Nxh5 43. Qxc5 g4 44. Qxd4 g3 45. Qg1 b4
46. d4 Kg6 47. d5 Kf6 48. Qb6+ Ke5 49. d6 Nf6 50. Ke2 Nd5 51. Qc5 Ke6 52. Qxd5+
Kxd5 53. d7 g2 54. d8=Q+ Kc6 55. Qa8+ Kb6 56. Qxg2 a5 57. Qd5 a4 58. Kd3 a3 59.
bxa3 bxa3 60. Kc4 Ka6 61. Qb5+ Ka7 62. Kc5 Ka8 63. Kb6 Kb8 64. Qe8# 1-0

[Event "DEM U10/U10w 2008"]
[Site "Willingen GER"]
[Date "2008.05.16"]
[Round "9"]
[White "Berkov, Mikhail"]
[Black "Braun, Nicklas Stefan"]
[Result "1-0"]
[Termination "normal"]
[Board "22"]
[WhiteElo "1402"]
[BlackElo "1097"]
[PlyCount "79"]
[WhiteFideId "24678783"]
[EventCountry "GER"]
[EventRounds "11"]
[EventType "swiss"]
[EventDate "2008.05.10"]

1. e4 e5 2. Nf3 Nc6 3. Bb5 a6 4. Ba4 b5 5. Bb3 Bc5 6. d3 Nf6 7. O-O d5 8. Nc3
d4 9. Ne2 O-O 10. Bg5 Bg4 11. Ng3 h6 12. Bd2 Be6 13. h3 a5 14. a3 a4 15. Ba2
Bxa2 16. Rxa2 b4 17. axb4 Nxb4 18. Bxb4 Bxb4 19. Nxe5 Re8 20. Nc6 Qd6 21. Nxb4
Qxb4 22. Qf3 a3 23. b3 Qc3 24. Rd1 c5 25. Nf5 Kh7 26. Nd6 Re7 27. e5 Nd7 28.
Qxa8 Rxe5 29. Ne4 Qb4 30. Qxa3 Qb6 31. Qa6 Qb4 32. Qc4 f5 33. Qxb4 cxb4 34. Ng3
g6 35. Kf1 h5 36. Re1 h4 37. Ra7 Rxe1+ 38. Kxe1 hxg3 39. Rxd7+ Kh6 40. fxg3 1-0

[Event "DEM U10/U10w 2008"]
[Site "Willingen GER"]
[Date "2008.05.16"]
[Round "9"]
[White "Koch, Elisabeth"]
[Black "Storch, Domenic"]
[Result "1-0"]
[Termination "normal"]
[Board "23"]
[WhiteElo "1097"]
[BlackElo "1338"]
[PlyCount "89"]
[WhiteFideId "24695068"]
[BlackFideId "16200470"]
[EventCountry "GER"]
[EventRounds "11"]
[EventType "swiss"]
[EventDate "2008.05.10"]

1. e4 c5 2. Nc3 Nc6 3. f4 d6 4. Nf3 g6 5. Be2 Bg7 6. O-O e6 7. d3 Nge7 8. Kh1
O-O 9. Be3 b6 10. d4 cxd4 11. Nxd4 Qd7 12. Bf3 Kh8 13. Nce2 Ba6 14. c3 Rae8 15.
a4 Nxd4 16. Bxd4 e5 17. fxe5 dxe5 18. Be3 Rd8 19. Qe1 Nc6 20. b4 Bc4 21. a5 b5
22. Qc1 a6 23. Bh6 Qc7 24. Rf2 Rfe8 25. Ng1 Re6 26. Bxg7+ Kxg7 27. Nh3 Red6 28.
Qg5 h6 29. Qg3 Rd3 30. Rc1 Re3 31. Qh4 Rdd3 32. Rfc2 Bb3 33. Rf2 Qe7 34. Qg3
Rxc3 35. Rcf1 Nxb4 36. Qg4 h5 37. Qg3 Nc6 38. Ng5 f6 39. Nh3 Nd4 40. Kg1 Qe6
41. Kh1 Ne2 42. Qh4 Kh6 43. Bxe2 Rxh3 44. gxh3 Rxh3 45. Qxf6 1-0

[Event "DEM U10/U10w 2008"]
[Site "Willingen GER"]
[Date "2008.05.16"]
[Round "9"]
[White "Nobis, Anna"]
[Black "Gerken, Frieso"]
[Result "1-0"]
[Termination "normal"]
[Board "24"]
[WhiteElo "1189"]
[BlackElo "878"]
[PlyCount "55"]
[WhiteFideId "1270302"]
[BlackFideId "1270505"]
[EventCountry "GER"]
[EventRounds "11"]
[EventType "swiss"]
[EventDate "2008.05.10"]

1. e4 e5 2. Nf3 Nc6 3. Bc4 Bc5 4. c3 Nf6 5. d4 exd4 6. cxd4 Bb4+ 7. Nc3 Nxe4 8.
O-O Bxc3 9. d5 Bf6 10. Re1 Ne7 11. Rxe4 O-O 12. Bg5 Ng6 13. Qd2 h6 14. Be3 b6
15. Bd4 Bb7 16. Re2 Bxd4 17. Qxd4 Re8 18. Rae1 Rxe2 19. Rxe2 Qf8 20. Ne5 Qd6
21. h3 Re8 22. Nxg6 Rxe2 23. Bxe2 fxg6 24. Bc4 c6 25. dxc6+ Kf8 26. Qxd6+ Ke8
27. Qxd7+ Kf8 28. Qf7# 1-0

[Event "DEM U10/U10w 2008"]
[Site "Willingen GER"]
[Date "2008.05.16"]
[Round "9"]
[White "Padelt, Aaron"]
[Black "Hemprich, Iustus"]
[Result "1-0"]
[Termination "normal"]
[Board "25"]
[WhiteElo "1023"]
[BlackElo "1184"]
[PlyCount "63"]
[EventCountry "GER"]
[EventRounds "11"]
[EventType "swiss"]
[EventDate "2008.05.10"]

1. d4 d5 2. c4 c6 3. Nc3 Nf6 4. Nf3 e6 5. Qc2 Nbd7 6. Bg5 Be7 7. e3 O-O 8. Bd3
dxc4 9. Bxc4 b5 10. Bd3 Bb7 11. Rd1 Re8 12. Ne5 h6 13. Bh4 Qc7 14. Bg3 Nxe5 15.
Bxe5 Qd8 16. O-O Bd6 17. h3 Qe7 18. f4 Bxe5 19. fxe5 Nd5 20. Rf3 Nxc3 21. bxc3
c5 22. Rg3 a6 23. Rf1 Qc7 24. Qf2 Kh8 25. Qxf7 Qxf7 26. Rxf7 c4 27. Bc2 Bc6 28.
Rgxg7 Red8 29. Rh7+ Kg8 30. Rfg7+ Kf8 31. Rc7 Rd7 32. Rcxd7 1-0

[Event "DEM U10/U10w 2008"]
[Site "Willingen GER"]
[Date "2008.05.16"]
[Round "9"]
[White "Wanner, Lukas"]
[Black "Titgemeyer, Eva Maria"]
[Result "1-0"]
[Termination "normal"]
[Board "26"]
[WhiteElo "1001"]
[BlackElo "1180"]
[PlyCount "93"]
[WhiteFideId "12918148"]
[BlackFideId "24655350"]
[EventCountry "GER"]
[EventRounds "11"]
[EventType "swiss"]
[EventDate "2008.05.10"]

1. d4 d5 2. c4 e6 3. Nc3 Nf6 4. Nf3 c6 5. Bf4 dxc4 6. e4 Bb4 7. Qc2 b5 8. Be2
Bb7 9. O-O O-O 10. e5 Nd5 11. Ng5 g6 12. Bd2 Nxc3 13. bxc3 Be7 14. f4 c5 15.
Be3 cxd4 16. cxd4 Nc6 17. Rad1 Qd5 18. Bf3 Qd7 19. Qf2 Bxg5 20. fxg5 Rac8 21.
h4 c3 22. Rc1 Nb4 23. Rfd1 Bxf3 24. gxf3 Qd5 25. a3 Na6 26. Rd3 Qb3 27. Qc2
Qxa3 28. Rxc3 Rxc3 29. Qxc3 Qxc3 30. Rxc3 b4 31. Rb3 Rc8 32. Kf2 Rc3 33. Rxc3
bxc3 34. Ke2 Nb4 35. Kd1 a5 36. Bc1 c2+ 37. Kd2 Kf8 38. Kc3 Ke7 39. Kd2 a4 40.
Ba3 Kd7 41. Bxb4 Kc6 42. Kxc2 Kb5 43. Kc3 a3 44. Bxa3 Ka4 45. Bf8 Kb5 46. Kb3
Kc6 47. Kc4 1-0

[Event "DEM U10/U10w 2008"]
[Site "Willingen GER"]
[Date "2008.05.16"]
[Round "9"]
[White "Brandl, Lea Maria"]
[Black "Damm, Nils"]
[Result "1-0"]
[Termination "normal"]
[Board "27"]
[WhiteElo "972"]
[BlackElo "1109"]
[PlyCount "81"]
[WhiteFideId "24693049"]
[BlackFideId "24693065"]
[EventCountry "GER"]
[EventRounds "11"]
[EventType "swiss"]
[EventDate "2008.05.10"]

1. d4 d5 2. c4 Nc6 3. Nf3 Bg4 4. cxd5 Bxf3 5. dxc6 Bxc6 6. Nc3 Nf6 7. f3 e6 8.
e4 Bb4 9. a3 Bxc3+ 10. bxc3 Qd7 11. Bf4 Ba4 12. Qd2 Nh5 13. Be3 O-O 14. Bd3 h6
15. O-O Rad8 16. e5 c5 17. Bxh6 gxh6 18. Qxh6 Rfe8 19. Bh7+ Kh8 20. Bg6+ Kg8
21. Qh7+ Kf8 22. Bxh5 cxd4 23. Qh8+ Ke7 24. Qg7 Rf8 25. Qf6+ Ke8 26. cxd4 Qxd4+
27. Kh1 Rd5 28. Qxe6+ Kd8 29. Bxf7 Rxe5 30. Qf6+ Kc8 31. Be6+ Kc7 32. Qxf8 Rxe6
33. Qf7+ Qd7 34. Rac1+ Kb6 35. Qf4 a5 36. Rb1+ Ka7 37. h3 Bc2 38. Rb2 Re2 39.
Qg5 Qd2 40. Qc5+ Ka6 41. Qb6# 1-0

[Event "DEM U10/U10w 2008"]
[Site "Willingen GER"]
[Date "2008.05.16"]
[Round "9"]
[White "Hösch, Peter"]
[Black "Hamacher, Emily"]
[Result "1-0"]
[Termination "normal"]
[Board "28"]
[WhiteElo "1340"]
[BlackElo "847"]
[PlyCount "117"]
[EventCountry "GER"]
[EventRounds "11"]
[EventType "swiss"]
[EventDate "2008.05.10"]

1. d4 d5 2. c4 e6 3. Nc3 c5 4. e3 Nf6 5. Nf3 Nc6 6. Bd3 Be7 7. O-O O-O 8. dxc5
Bxc5 9. e4 dxc4 10. Bxc4 e5 11. Qxd8 Rxd8 12. Bg5 Be7 13. Bb5 a6 14. Bxc6 bxc6
15. Rad1 Bg4 16. Rxd8+ Rxd8 17. Nxe5 c5 18. Bxf6 Bxf6 19. Nxg4 Be7 20. Rd1 Rb8
21. b3 h5 22. Ne5 Rb7 23. Rd7 Rxd7 24. Nxd7 a5 25. Na4 g6 26. Naxc5 f5 27. exf5
gxf5 28. Kf1 Kf7 29. Ke2 Kg6 30. Nd3 Kg5 31. N7e5 f4 32. Nc6 Bd6 33. Nxa5 Bc7
34. b4 h4 35. Kf3 Kf5 36. g3 hxg3 37. hxg3 fxg3 38. fxg3 Kg5 39. g4 Bd8 40. Nc5
Kg6 41. Ne6 Be7 42. a3 Bf6 43. g5 Bb2 44. a4 Bc3 45. Nc6 Bb2 46. a5 Bc3 47. a6
Kf7 48. a7 Kxe6 49. a8=Q Kd6 50. Qa3 Bd2 51. g6 Kxc6 52. g7 Bxb4 53. Qxb4 Kd7
54. g8=R Ke6 55. Qb7 Kf6 56. Qh7 Ke5 57. Rg6 Kd5 58. Qh5+ Kd4 59. Rg4+ 1-0

[Event "DEM U10/U10w 2008"]
[Site "Willingen GER"]
[Date "2008.05.16"]
[Round "9"]
[White "Weis, Olga"]
[Black "Dürr, Florian"]
[Result "0-1"]
[Termination "normal"]
[Board "29"]
[WhiteElo "1027"]
[BlackElo "1325"]
[PlyCount "88"]
[WhiteFideId "1270234"]
[BlackFideId "24659134"]
[EventCountry "GER"]
[EventRounds "11"]
[EventType "swiss"]
[EventDate "2008.05.10"]

1. e4 e6 2. d4 d5 3. exd5 exd5 4. Bd3 Bd6 5. Be3 c6 6. h3 Be6 7. Nf3 Nd7 8. O-O
Ngf6 9. Nc3 Qc7 10. Ne2 h6 11. b3 O-O 12. c4 b6 13. Qd2 Ne4 14. Bxe4 dxe4 15.
Ne1 Kh7 16. Nf4 Rae8 17. Rc1 Nf6 18. d5 Bf5 19. Ne2 Be5 20. Bd4 Qd6 21. Bxe5
Rxe5 22. Nd4 cxd5 23. Qf4 Nh5 24. Qh4 Bg6 25. f4 exf3 26. gxf3 Rg5+ 27. Ng2
dxc4 28. Rcd1 Qg3 29. Qxg3 Nxg3 30. Rfe1 cxb3 31. axb3 Rd5 32. Kf2 Rfd8 33.
Kxg3 Rxd4 34. Rxd4 Rxd4 35. Nf4 Rb4 36. Re3 Bc2 37. Re7 Bxb3 38. Rxa7 b5 39.
Rxf7 Bxf7 40. Nd3 Rd4 41. Nc5 b4 42. Na4 b3 43. Nc3 b2 44. Kf2 Rd3 0-1

[Event "DEM U10/U10w 2008"]
[Site "Willingen GER"]
[Date "2008.05.16"]
[Round "9"]
[White "Weber, Sandra"]
[Black "Schwarz, Larissa"]
[Result "0-1"]
[Termination "normal"]
[Board "30"]
[WhiteElo "1195"]
[BlackElo "898"]
[PlyCount "41"]
[WhiteFideId "1270049"]
[BlackFideId "24699004"]
[EventCountry "GER"]
[EventRounds "11"]
[EventType "swiss"]
[EventDate "2008.05.10"]

1. d4 d5 2. c4 e5 3. dxe5 d4 4. Nf3 Nc6 5. g3 Nge7 6. Bg5 h6 7. Bc1 Ng6 8. e3
Bb4+ 9. Bd2 d3 10. a3 Bxd2+ 11. Nbxd2 Ngxe5 12. Nxe5 Nxe5 13. Bg2 O-O 14. f3 g5
15. O-O f5 16. f4 Ng4 17. Qf3 Re8 18. Rfe1 Qe7 19. e4 fxe4 20. Rxe4 Qc5+ 21.
Kf1 0-1

[Event "DEM U10/U10w 2008"]
[Site "Willingen GER"]
[Date "2008.05.16"]
[Round "9"]
[White "Truong, Van Trang"]
[Black "Schmekel, Florian"]
[Result "0-1"]
[Termination "normal"]
[Board "32"]
[WhiteElo "950"]
[BlackElo "1182"]
[PlyCount "28"]
[BlackFideId "12913456"]
[EventCountry "GER"]
[EventRounds "11"]
[EventType "swiss"]
[EventDate "2008.05.10"]

1. e4 e5 2. Nf3 Nc6 3. Bc4 Bc5 4. c3 Nf6 5. d3 d6 6. h3 Be6 7. Bb3 Qd7 8. Nbd2
O-O-O 9. Bxe6 fxe6 10. O-O Qf7 11. Re1 Qg6 12. Nf1 Rdf8 13. Ng3 Qxg3 14. Kf1
Qxf2# 0-1

[Event "DEM U10/U10w 2008"]
[Site "Willingen GER"]
[Date "2008.05.16"]
[Round "9"]
[White "Mann, Jonas"]
[Black "Baberz, Alexander"]
[Result "1-0"]
[Termination "normal"]
[Board "33"]
[WhiteElo "1081"]
[BlackElo "984"]
[PlyCount "35"]
[WhiteFideId "12900214"]
[BlackFideId "12921734"]
[EventCountry "GER"]
[EventRounds "11"]
[EventType "swiss"]
[EventDate "2008.05.10"]

1. e4 c5 2. Nc3 Nc6 3. f4 a6 4. Nf3 e6 5. a4 d6 6. Bc4 g6 7. d4 cxd4 8. Nxd4
Qc7 9. O-O Bg7 10. Be3 Nge7 11. Nf3 O-O 12. Qe1 Bd7 13. Qh4 Nb4 14. Rac1 Nbc6
15. Ng5 h6 16. Nf3 Rfe8 17. f5 exf5 18. Bxh6 1-0

[Event "DEM U10/U10w 2008"]
[Site "Willingen GER"]
[Date "2008.05.16"]
[Round "9"]
[White "Heinemann, Josefine"]
[Black "Borrink, Guido"]
[Result "1-0"]
[Termination "normal"]
[Board "34"]
[WhiteElo "941"]
[BlackElo "1098"]
[PlyCount "53"]
[WhiteFideId "12900460"]
[BlackFideId "1270502"]
[EventCountry "GER"]
[EventRounds "11"]
[EventType "swiss"]
[EventDate "2008.05.10"]

1. e4 e6 2. d4 d5 3. e5 c5 4. Nf3 Qb6 5. b3 Nc6 6. c3 Nh6 7. h3 Be7 8. Be3 Nf5
9. Be2 cxd4 10. cxd4 Bd7 11. Nc3 Rc8 12. Rc1 Bb4 13. O-O Ncxd4 14. Nxd4 Nxe3
15. fxe3 Bxc3 16. Bh5 Bxd4 17. Rxc8+ Bxc8 18. Bxf7+ Ke7 19. exd4 g6 20. Qd2 Rf8
21. Qg5+ Kd7 22. Bxe6+ Ke8 23. Rxf8+ Kxf8 24. Qf6+ Ke8 25. Qf7+ Kd8 26. Qf8+
Kc7 27. Qxc8# 1-0

[Event "DEM U10/U10w 2008"]
[Site "Willingen GER"]
[Date "2008.05.16"]
[Round "9"]
[White "Moses, Selina"]
[Black "Böhm, Jana"]
[Result "1-0"]
[Termination "normal"]
[Board "35"]
[WhiteElo "954"]
[BlackElo "1023"]
[PlyCount "115"]
[WhiteFideId "12908070"]
[BlackFideId "24661589"]
[EventCountry "GER"]
[EventRounds "11"]
[EventType "swiss"]
[EventDate "2008.05.10"]

1. e4 e5 2. Nf3 Nc6 3. Bc4 Bc5 4. Nc3 Nf6 5. d3 d6 6. h3 Be6 7. Bb3 h6 8. Be3
Bb6 9. O-O Qd7 10. Ba4 O-O-O 11. Bxb6 cxb6 12. Nb5 Kb8 13. Nc3 g5 14. d4 exd4
15. Nxd4 Rc8 16. Re1 h5 17. Nxc6+ bxc6 18. e5 dxe5 19. Rxe5 Qc7 20. Rxg5 Rcg8
21. Rxg8+ Rxg8 22. Qf3 Rg6 23. Bxc6 Bd7 24. Bxd7 Qxd7 25. Rd1 Qc8 26. Rd6 Qh8
27. Qf4 Kb7 28. Qc4 Qe8 29. Nb5 Qe7 30. Qc6+ Ka6 31. Nc7+ Qxc7 32. Qxc7 Ne4 33.
Rxg6 fxg6 34. Qc4+ Kb7 35. Qxe4+ Ka6 36. Qxg6 h4 37. Qh5 b5 38. Qxh4 Ka5 39. b3
a6 40. a4 b4 41. Kf1 Kb6 42. Qxb4+ Kc7 43. Ke2 Kc6 44. Qh4 Kd5 45. Kd3 Ke5 46.
Ke3 Kd5 47. f4 Ke6 48. Qh5 Kf6 49. Ke4 Ke6 50. Qh6+ Ke7 51. Kd5 Kf7 52. Ke5 Kg8
53. Qxa6 Kf8 54. Qa7 Ke8 55. Kf6 Kd8 56. Ke6 Kc8 57. Kd6 Kd8 58. Qd7# 1-0

[Event "DEM U10/U10w 2008"]
[Site "Willingen GER"]
[Date "2008.05.16"]
[Round "9"]
[White "Marach, Jonas"]
[Black "Reksten, Lisa"]
[Result "1-0"]
[Termination "normal"]
[Board "36"]
[WhiteElo "1000"]
[BlackElo "936"]
[PlyCount "79"]
[WhiteFideId "1270493"]
[EventCountry "GER"]
[EventRounds "11"]
[EventType "swiss"]
[EventDate "2008.05.10"]

1. e4 e5 2. Nf3 Nc6 3. Bc4 Bc5 4. c3 Nf6 5. d4 exd4 6. cxd4 Bb4+ 7. Bd2 Bxd2+
8. Nbxd2 d5 9. exd5 Nxd5 10. Qb3 Na5 11. Qb5+ Nc6 12. Qxd5 Qxd5 13. Bxd5 O-O
14. Bxc6 bxc6 15. O-O Bf5 16. Rfe1 Rab8 17. Nb3 Bg4 18. Ne5 Be6 19. Nxc6 Rb7
20. h3 Bxb3 21. axb3 Rxb3 22. Rxa7 Rxb2 23. Rxc7 h6 24. Rc8 Rxc8 25. Ne7+ Kh7
26. Nxc8 Rd2 27. Re4 Rd1+ 28. Kh2 Rd2 29. Nb6 Rxf2 30. d5 Rb2 31. Nc4 Rc2 32.
d6 Ra2 33. d7 Ra8 34. Re8 Rxe8 35. dxe8=Q f6 36. Nd6 f5 37. Nxf5 g6 38. Qf7+
Kh8 39. Nxh6 g5 40. Qg8# 1-0

[Event "DEM U10/U10w 2008"]
[Site "Willingen GER"]
[Date "2008.05.16"]
[Round "9"]
[White "Hümmecke, Sarah"]
[Black "Buttgereit, Vincent"]
[Result "0-1"]
[Termination "normal"]
[Board "37"]
[WhiteElo "997"]
[BlackElo "928"]
[PlyCount "88"]
[EventCountry "GER"]
[EventRounds "11"]
[EventType "swiss"]
[EventDate "2008.05.10"]

1. e4 e5 2. Nf3 Nc6 3. d4 exd4 4. Nxd4 Nf6 5. Nxc6 bxc6 6. Bg5 Bc5 7. Bc4 h6 8.
Bxf6 Qxf6 9. Qe2 Qxb2 10. O-O Qxa1 11. Qf3 Qf6 12. Qe2 O-O 13. e5 Qg5 14. Kh1
Re8 15. f4 Qh4 16. g3 Qh3 17. Bd3 d6 18. Qe4 Bf5 19. Qxf5 Qxf5 20. Bxf5 dxe5
21. Be4 Re6 22. f5 Rd6 23. Nc3 Rad8 24. Bf3 Rd2 25. Bd1 Bb4 26. Ne4 Rxd1 27.
Rxd1 Rxd1+ 28. Kg2 Re1 29. Nf2 Re2 30. Kf3 Rxc2 31. Nd3 Be1 32. Nxe1 Rxa2 33.
Ke4 Re2+ 34. Kd3 Rxe1 35. Kc3 Rb1 36. Kc4 a5 37. Kc3 a4 38. Kc2 Rb8 39. Kc1 a3
40. Kc2 a2 41. f6 a1=Q 42. fxg7 Qa3 43. h3 Rb2+ 44. Kd1 Qa1# 0-1

[Event "DEM U10/U10w 2008"]
[Site "Willingen GER"]
[Date "2008.05.16"]
[Round "9"]
[White "Falk, Frederike"]
[Black "Altstadt, Karl-Simon"]
[Result "1/2-1/2"]
[Termination "normal"]
[Board "39"]
[WhiteElo "918"]
[BlackElo "1177"]
[PlyCount "49"]
[BlackFideId "24696676"]
[EventCountry "GER"]
[EventRounds "11"]
[EventType "swiss"]
[EventDate "2008.05.10"]

1. e4 c5 2. Nf3 Nc6 3. Nc3 g6 4. Bc4 Bg7 5. d3 Nf6 6. Be3 d6 7. Ng5 O-O 8. O-O
e6 9. Qf3 Ne5 10. Qh3 Nxc4 11. dxc4 e5 12. Qg3 Ng4 13. Bd2 Bh6 14. Nf3 Bxd2 15.
Nxd2 a6 16. Nf3 Nf6 17. Ng5 Ng4 18. Qh4 h6 19. Nf3 Qxh4 20. Nxh4 Be6 21. b3
Rab8 22. a4 Rfe8 23. Rfd1 Red8 24. Rd3 Rd7 25. h3 1/2-1/2

[Event "DEM U10/U10w 2008"]
[Site "Willingen GER"]
[Date "2008.05.16"]
[Round "9"]
[White "Kempe, Anne"]
[Black "Oelfke, Nils Lukas"]
[Result "1-0"]
[Termination "normal"]
[Board "41"]
[WhiteElo "1103"]
[BlackElo "921"]
[PlyCount "125"]
[WhiteFideId "12918083"]
[EventCountry "GER"]
[EventRounds "11"]
[EventType "swiss"]
[EventDate "2008.05.10"]

1. e4 e5 2. Bc4 Nf6 3. d4 exd4 4. Nf3 Bb4+ 5. Bd2 Bxd2+ 6. Nbxd2 O-O 7. e5 Re8
8. O-O Ng4 9. Re1 Nc6 10. Re4 Ngxe5 11. Nxd4 d5 12. Nxc6 bxc6 13. Rd4 Be6 14.
Be2 c5 15. Ra4 Rb8 16. Rxa7 Nc6 17. Ra3 Bf5 18. Rc3 Nb4 19. Bf3 Qd6 20. Nb3 c4
21. Nd4 Bg6 22. a3 c5 23. Ne2 Nxc2 24. Bxd5 Qe5 25. Bxc4 Nxa1 26. a4 Bh5 27. f3
Rxb2 28. Kf1 Bg6 29. Bb5 f6 30. Bxe8 Rb1 31. Rc1 Rxc1 32. Qxc1 Qxe8 33. Qxa1
Bd3 34. Qa2+ c4 35. a5 Kf8 36. Kf2 f5 37. a6 Qa8 38. Qa3+ Ke8 39. Nf4 Qa7+ 40.
Ke1 Qe3+ 41. Kd1 Qg1+ 42. Kd2 Qf2+ 43. Kc3 Qe1+ 44. Kd4 Qf2+ 45. Kd5 c3 46.
Nxd3 Qb6 47. a7 Qd8+ 48. Qd6 Qa5+ 49. Qc5 Qd8+ 50. Kc4 c2 51. Qe5+ Kf7 52. Qd5+
Qxd5+ 53. Kxd5 f4 54. a8=Q h5 55. Qa2 h4 56. Ke5+ Kg6 57. Nxf4+ Kh7 58. Qxc2+
Kg8 59. Kf5 h3 60. Kg6 Kf8 61. Qc7 hxg2 62. Ne6+ Ke8 63. Qf7# 1-0